[Event "Venice Autumn op 16th"]
[Site "Venice"]
[Date "2010.11.01"]
[Round "5.20"]
[White "Faccia, Sergio"]
[Black "Cavalleri, Giuseppe"]
[Result "1-0"]
[WhiteElo "2060"]
[BlackElo "1820"]
[PlyCount "61"]
[EventDate "2010.10.30"]
[EventType "swiss"]
[EventRounds "5"]
[EventCountry "ITA"]
[SourceTitle "EXT 2011"]
[Source "ChessBase"]
[SourceDate "2010.11.26"]
[SourceVersion "1"]
[SourceVersionDate "2010.11.26"]
[SourceQuality "1"]

1. e4 e5 2. d4 exd4 3. Nf3 d6 4. Nxd4 Nf6 5. Nc3 Be7 6. Bc4 0-0 7. 0-0 Bd7 8. a3 c5 9. Nf3 Nc6 10. Bf4 Ne8 11. Qd2 Be6 12. Bxe6 fxe6 13. Rad1 e5 14. Bg3 Rxf3 15. gxf3 Nd4 16. Qd3 Nf6 17. Ne2 Kh8 18. Nxd4 cxd4 19. c3 dxc3 20. Qxc3 Qf8 21. Qb3 b6 22. Rc1 Nd7 23. Qe6 Nc5 24. Qg4 Nd3 25. Rc3 Nxb2 26. Rfc1 Qf7 27. Rc8+ Rxc8 28. Rxc8+ Bf8 29. f4 Nd3 30. fxe5 dxe5 31. Qd7 1-0

[Event "Venice Autumn op 16th"]
[Site "Venice"]
[Date "2010.10.31"]
[Round "3.20"]
[White "Velluti, Alberto"]
[Black "Cavalleri, Giuseppe"]
[Result "1/2-1/2"]
[WhiteElo "1944"]
[BlackElo "1820"]
[PlyCount "114"]
[EventDate "2010.10.30"]
[EventType "swiss"]
[EventRounds "5"]
[EventCountry "ITA"]
[SourceTitle "EXT 2011"]
[Source "ChessBase"]
[SourceDate "2010.11.26"]
[SourceVersion "1"]
[SourceVersionDate "2010.11.26"]
[SourceQuality "1"]

1. e4 e5 2. Bc4 d6 3. Nf3 Be7 4. d4 exd4 5. Nxd4 Nf6 6. Nc3 0-0 7. Be3 Bd7 8. Qd2 a6 9. f3 b5 10. Bd3 c5 11. Nf5 Bxf5 12. exf5 d5 13. Bf4 Nc6 14. g4 c4 15. Be2 d4 16. Ne4 Bb4 17. c3 Nxe4 18. fxe4 dxc3 19. bxc3 Qxd2+ 20. Kxd2 Rad8+ 21. Kc2 Bd6 22. Bg5 f6 23. Bh4 Rfe8 24. Rad1 Bf4 25. a3 Rc8 26. Rhf1 Be3 27. Rd7 Ne5 28. Rd6 Rc6 29. Rfd1 Rxd6 30. Rxd6 Ra8 31. Bg3 Kf8 32. h4 h6 33. Rd5 Nf7 34. a4 Rd8 35. axb5 Rxd5 36. exd5 axb5 37. Bf3 Bc5 38. Bf4 Ke7 39. Kd2 Bf2 40. h5 Bc5 41. Ke2 Bd6 42. Be3 Ne5 43. Bd4 Nd3 44. Be4 Nc1+ 45. Kd1 Nb3 46. Be3 Be5 47. Kc2 Kd6 48. Bb6 Nc5 49. Bxc5+ Kxc5 50. Bf3 b4 51. cxb4+ Kxb4 52. Bg2 Kc5 53. Bf3 Kd4 54. Bg2 Ke3 55. Bf1 Kf4 56. Be2 Ke3 57. d6 Bxd6 1/2-1/2